Подробности
| 000 -МАРКЕР |
| контрольное поле |
03131nam2a22003011 4500 |
| 001 - ИДЕНТИФИКАТОР ЗАПИСИ |
| контрольное поле |
v19\rc\2100113 |
| 005 - ИДЕНТИФИКАТОР ВЕРСИИ |
| контрольное поле |
20250620050552.0 |
| 035 ## - ДРУГИЕ СИСТЕМНЫЕ НОМЕРА |
| Идентификатор записи |
(NLR Aleph) 005184160 |
| 100 ## - ДАННЫЕ ОБЩЕЙ ОБРАБОТКИ |
| Данные общей обработки |
20090914d1804 |||y0rusy50 ca |
| 101 1# - ЯЗЫК РЕСУРСА |
| Язык текста, звукозаписи и т.д. |
русский |
| Язык оригинала |
английский |
| 102 ## - СТРАНА ПУБЛИКАЦИИ ИЛИ ПРОИЗВОДСТВА |
| Страна публикации |
Российская Федерация |
| 105 ## - ПОЛЕ КОДИРОВАННЫХ ДАННЫХ: ТЕКСТОВЫЕ МАТЕРИАЛЫ, МОНОГРАФИЧЕСКИЕ |
| Кодированные данные о монографическом текстовом документе |
y z ||||| |
| 200 0# - ЗАГЛАВИЕ И СВЕДЕНИЯ ОБ ОТВЕТСТВЕННОСТИ |
| Основное заглавие |
Ч. 1 |
| Сведения, относящиеся к заглавию |
[В которой доказывается, что деисты, естьли не хотят подвергнуть себя величайшему нещастию, обязаны изследовать истинну Воскресения Христова] |
| 210 ## - ПУБЛИКАЦИЯ, РАСПРОСТРАНЕНИЕ И ДР. |
| Дата издания, распространения и т.д. |
1804 |
| Место издания, распространения и т.д. |
Б. м. |
| 215 ## - ФИЗИЧЕСКАЯ ХАРАКТЕРИСТИКА |
| Специфическое обозначение материала и объем |
[6], XXV, [3], 134 с. |
| 316 ## - ПРИМЕЧАНИЯ ОБ ОСОБЕННОСТЯХ ЭКЗЕМПЛЯРА |
| Текст примечания |
Экз. РНБ (138/416(1)) деф.: отсутствуют с. 129-134 |
| Организация и экземпляр, к которому относится поле |
NLR: 138/416(1) |
| 327 0# - ПРИМЕЧАНИЯ О СОДЕРЖАНИИ |
| Текст примечания |
С. I-XXVI: Известие о жизни и сочинениях ученаго англичанина, Гумфреда Диттона, особливо о доказательстве его на истинну благочестия христианскаго, написанное Гавриилом Вильгельмом Геттеном |
| 461 #0 - УРОВЕНЬ НАБОРА |
| Встроенное поле |
001v19\rc\2100112 |
| -- |
2001#$aИстинна благочестия христианскаго, доказанная воскресением Иисуса Христа, с математическою точностию.$eВ трех частях.$fСочинение знаменитаго математика англинскаго, Гумфреда Диттона$v[Ч. 1 |
| Системный номер (АБИС) связанной записи |
5152488 |
| Автор |
Диттон, Х. (1675-1715) |
| Место публикации |
Тобольск |
| Дата публикации |
1804-1805 |
| Первые сведения об ответственности |
Сочинение знаменитаго математика англинскаго, Гумфреда Диттона |
| Имя издателя, распространителя и т.д. |
в типографии у Корнильевых |
| Сведения, относящиеся к заглавию |
В трех частях. |
| Физическая характеристика |
3 т. |
| Заглавие |
Истинна благочестия христианскаго, доказанная воскресением Иисуса Христа, с математическою точностию. |
| Номер тома |
[Ч. 1 |
| 464 #0 - АНАЛИТИЧЕСКИЙ УРОВЕНЬ |
| Встроенное поле |
2001#$aИзвестие о жизни и сочинениях ученаго англичанина, Гумфреда Диттона, особливо о доказательстве его на истинну благочестия христианскаго, написанное Гавриилом Вильгельмом Геттеном |
| -- |
215##$aС. I-XXVI |
| -- |
700#1$9z01790$aГеттен$bГ.В.$f1708-1781$gГабриель Вильгельм |
| -- |
790#1$9z01700$aГеттен$bГ.В.$gГавриил Вильгельм |
| Заглавие |
Известие о жизни и сочинениях ученаго англичанина, Гумфреда Диттона, особливо о доказательстве его на истинну благочестия христианскаго, написанное Гавриилом Вильгельмом Геттеном |
| Автор |
Геттен, Габриель Вильгельм (1708-1781) |
| 801 #0 - ИСТОЧНИК ЗАПИСИ |
| Страна |
Российская Федерация |
| Организация |
NLR |
| Правила каталогизации |
psbo |
| 801 #1 - ИСТОЧНИК ЗАПИСИ |
| Страна |
Российская Федерация |
| Организация |
ProSoft-M |
| Источник данных |
rusmarc |
| 801 #2 - ИСТОЧНИК ЗАПИСИ |
| Страна |
Российская Федерация |
| Организация |
NLR |
| Дата составления |
20150202 |
| Источник данных |
rusmarc |
| 852 ## - МЕСТОНАХОЖДЕНИЕ И ШИФР ХРАНЕНИЯ |
| Идентификатор организации |
NLR |
| Шифр хранения (Call Number) |
18.105.5.57 |
| 852 ## - МЕСТОНАХОЖДЕНИЕ И ШИФР ХРАНЕНИЯ |
| Идентификатор организации |
NLR |
| Шифр хранения (Call Number) |
138/416(1) |
| 942 ## - ДОПОЛНИТЕЛЬНЫЕ ЭЛЕМЕНТЫ ЗАПИСИ (АБИС) |
| Тип экземпляра АБИС |
Книга |
| 980 ## - КОЛЛЕКЦИЯ |
| Название коллекции |
Национальная библиография |